000 00767nam a2200217Ii 4500
003 JO-AjNU
008 230605s9999||||xx |||||||||||||| ||und||
017 _a2010/3/839
040 _aJO-AjNU
_bara
_erda
_cJO-AjNU
041 _aara
050 1 4 _aTD730.M87 2010
100 3 _aشبلي، رضا,
_eauthor
_931782
245 0 0 _aالبحث العلمي في مجال المياة العادمة والمعالجة والتقانات الحيوية في الاردن
250 _aط1
264 3 1 _aالقاهرة: مطابع الدستور التجارية ، 2010
300 _a300ص
336 _atext
_btxt
_2rdacontent
337 _aunmediated
_bn
_2rdamedia
338 _avolume
_bnc
_2rdacarrier
650 4 _aالمياة العادمة-الاردن
_931783
999 _aA12751
_c16319
_d16319